Sociálny fond

Čo je sociálny fond. Kto je povinný tvoriť sociálny fond a v akej výške. Aká je úprava tvorby a čerpania sociálneho fondu.

Saved in:
Bibliographic Details
Main Author: Boráková, Lucia
Format: Book Chapter
Language:Slovak
Subjects:
Tags: Add Tag
No Tags, Be the first to tag this record!

MARC

LEADER 00000naa a2200000 4500
001 0211971
005 20231120135630.4
041 0 |a slo 
044 |a SK 
245 1 0 |a Sociálny fond  |c Lucia Boráková 
520 |a Čo je sociálny fond. Kto je povinný tvoriť sociálny fond a v akej výške. Aká je úprava tvorby a čerpania sociálneho fondu. 
610 2 0 |a fond sociálny 
100 1 |a Boráková, Lucia